Statistics for The Ultimate twenty one pilots Quiz

Click here to take the quiz!

General Stats

  • This quiz has been taken 26,663 times
    (26,634 since last reset)
  • The average score is 19 of 37

Answer Stats

HintAnswer% Correct
What object gets stolen in "Car Radio"?a car radio
95%
Sometimes to stay alive you've got to kill your ____!mind
95%
House of Gold was written about Tyler's ___mom
80%
Tie a _____ around your mind, loose enough to breathe finenoose
79%
Who are on the album artwork of Vessel? (Hint: Josh and Tyler's ____________)grandfathers
78%
Name the unreleased (mainly instrumental) song that has a number for a name.Two
75%
Who gets kicked off the band the most?Josh
74%
Who said the famous line: "I didn't choose Taco Bell, Taco Bell chose me."?Josh Dun
74%
What year was "Twenty One Pilots" (the album) released?2009
68%
If you're a twenty one pilots fan, you're part of the ________ Clique.Skeletøn
68%
"No ____ Intended" is an EP made by Tyler himself.Phun
66%
What is the name of Tyler's brother, who made a guest appearance in Kitchen Sink?Zack Joseph
66%
A ____ ate through your favourite shirtmoth
63%
"No one looks up anymore / 'Cause you might get a raindrop in your eye / And Heaven forbid they see you cry" (what song?)March to the Sea
61%
What did Chris Salih play in twenty one pilots before he left in 2011?drums
60%
"Hello / Hello / Hello" (what song?)Trees
53%
Which Elvis song did twenty one pilots cover?Can't Help Falling In Love
50%
Name the instrument from the previous question.piano
50%
What did Tyler give Josh in the Guns For Hands music video?a ski mask
49%
Your shaking _________ prove that it's colder / Inside your head / In the winter of deadshoulders
48%
What can't Tyler see past in "Screen"?his nose
47%
Complete the sentence: "Sick as ______."frick
45%
Who is "We all know you're qualified to fix a chair and love your wife" about?Johnny Boy
44%
Name the only track in Vessel that contains only Tyler's vocals plus ONE instrument.Truce
44%
But I'll kindly enter in to rooms of depression / While ceiling ____ and idle hands will take my life againfans
43%
____ is a song about a little girl with down syndrome who goes to Tyler's churchRuby
43%
Look in the mirror and ask your soul if you're alright / Put out the glitter that your ____ hides behindsoul
41%
"When using Pokemon cards, please do not use the holographics" (what song?)Slowtown
36%
"My parachutes will get me / Safely to ground / But now the cord's not working / And I see you staring me down" (what song?)Air Catcher
35%
What band was Josh in before twenty one pilots?House of Heroes
30%
By the time the night wears off / 
The dust is down and _______ burnshadows
30%
Who wrote "All My Sons", the play that the name "twenty one pilots" originated from?Arthur Miller
23%
Name the TWO songs by twenty one pilots and Tyler Joseph that both contains this verse: "Every time I feel selfish ambition / Is taking my vision / And my crime is my sentence / Repentance is taking commission"Fall Away & Drown
22%
In "Taxi Cab", what type of vehicle ran out of gas causing the need for a cab?hearse
21%
On the artwork of "Regional at Best", which base is the kid playing softball/baseball standing on?third base
19%
And I'm standing on a tower trying my hardest to make it / To you but I built this tower out of mortal ______ / They're breakingbricks
16%
Who rapped the verse containing "Almost dropped the bat like every base was fully loaded" in Be Concerned?Jocef
16%

Score Distribution

Percentile by Number Answered

Percent of People with Each Score

Your Score History

You have not taken this quiz since the last reset